[Event "IBAR Invitational"]
[Site "Santa Monica"]
[Date "2005.??.??"]
[Round "1"]
[White "Lucky, David"]
[Black "Matikozyan, Andranik"]
[Result "0-1"]
[WhiteElo "2335"]
[BlackElo "2496"]
[PlyCount "44"]
[EventDate "2005.02.23"]

1. e4 c5 2. Nf3 d6 3. c3 Nf6 4. Be2 g6 5. O-O Bg7 6. Re1 O-O 7. Bf1 Nc6 8. h3
e5 9. d4 cxd4 10. cxd4 exd4 11. Nxd4 Nxd4 12. Qxd4 Re8 13. Qa4 Bd7 14. Bb5 Bxb5
15. Qxb5 Nxe4 16. Qxb7 Qh4 17. Re2 Nxf2 18. Nc3 Bd4 19. Kf1 Nh1 20. Ne4 Rxe4
21. Qxa8+ Kg7 22. Bh6+ Kxh6 0-1

[Event "IBAR Invitational"]
[Site "Santa Monica"]
[Date "2005.??.??"]
[Round "1"]
[White "Banawa, Jouaquin"]
[Black "Kretchetov, Alexandre"]
[Result "1-0"]
[WhiteElo "2319"]
[BlackElo "2326"]
[PlyCount "67"]
[EventDate "2005.02.23"]

1. d4 d5 2. c4 c6 3. Nc3 Nf6 4. e3 g6 5. Nf3 Bg7 6. Bd3 O-O 7. O-O Bg4 8. h3
Bxf3 9. Qxf3 e6 10. Rd1 Nbd7 11. e4 e5 12. Be3 dxe4 13. Nxe4 Nxe4 14. Bxe4 f5
15. dxe5 fxe4 16. Qg4 Nxe5 17. Qe6+ Kh8 18. Rxd8 Raxd8 19. c5 Rd5 20. Qe7 Rf7
21. Qh4 Nc4 22. Qxe4 Nxe3 23. fxe3 Re5 24. Qg4 Bh6 25. Re1 Rfe7 26. e4 Bd2 27.
Rf1 Be3+ 28. Kh1 Bxc5 29. Qc8+ Re8 30. Qxb7 Rxe4 31. Qxc6 Bb6 32. a4 R4e6 33.
Qc3+ Kg8 34. b4 1-0

[Event "IBAR Invitational"]
[Site "Santa Monica"]
[Date "2005.??.??"]
[Round "1"]
[White "Mitkov, Nikola"]
[Black "Khachiyan, Melikset"]
[Result "0-1"]
[WhiteElo "2547"]
[BlackElo "2462"]
[PlyCount "82"]
[EventDate "2005.02.23"]

1. e4 c5 2. Nf3 d6 3. d4 cxd4 4. Nxd4 Nf6 5. Nc3 g6 6. Be3 Bg7 7. f3 Nc6 8. Qd2
O-O 9. O-O-O Be6 10. g4 Nxd4 11. Bxd4 Qa5 12. a3 Rfc8 13. h4 Rab8 14. h5 b5 15.
hxg6 hxg6 16. g5 Nh5 17. Bxg7 Nxg7 18. f4 b4 19. Nb1 Rxc2+ 20. Qxc2 Rc8 21.
Qxc8+ Bxc8 22. axb4 Qxb4 23. Nc3 Nh5 24. Rh4 Qc5 25. Kb1 Qf2 26. Nd5 Qxh4 27.
Nxe7+ Kg7 28. Nxc8 Nxf4 29. Nxd6 Qxg5 30. Bc4 f6 31. Nf7 Qg2 32. Nd6 Qf3 33.
Rf1 Qe3 34. Ne8+ Kh6 35. Nxf6 Qd4 36. Rxf4 Qxc4 37. Nd5 g5 38. Rf6+ Kg7 39. Re6
g4 40. Re7+ Kf8 41. Re5 g3 0-1

[Event "IBAR Invitational"]
[Site "Santa Monica"]
[Date "2005.??.??"]
[Round "2"]
[White "Khachiyan, Melikset"]
[Black "Lucky, David"]
[Result "1-0"]
[WhiteElo "2496"]
[BlackElo "2335"]
[PlyCount "51"]
[EventDate "2005.02.23"]

1. e4 e6 2. d4 d5 3. Nc3 Bb4 4. e5 Qd7 5. a3 Bxc3+ 6. bxc3 b6 7. Qg4 f5 8. Qg3
Ba6 9. Bxa6 Nxa6 10. Ne2 O-O-O 11. a4 Nb8 12. a5 Nc6 13. axb6 cxb6 14. O-O Na5
15. Rxa5 bxa5 16. Ba3 Kb7 17. Nf4 Nh6 18. c4 dxc4 19. Rb1+ Ka6 20. Nd3 Rc8 21.
Nc5+ Rxc5 22. Bxc5 f4 23. Qc3 Qa4 24. Qb2 Qd7 25. Qa2 Qd5 26. Qa4 1-0

[Event "IBAR Invitational"]
[Site "Santa Monica"]
[Date "2005.??.??"]
[Round "2"]
[White "Stein, Alan"]
[Black "Mitkov, Nikola"]
[Result "0-1"]
[WhiteElo "2362"]
[BlackElo "2539"]
[PlyCount "102"]
[EventDate "2005.02.23"]

1. e4 e5 2. Nf3 Nc6 3. Bb5 Nf6 4. O-O Nxe4 5. d4 Nd6 6. Bxc6 dxc6 7. dxe5 Nf5
8. Qxd8+ Kxd8 9. Nc3 h6 10. h3 Ne7 11. Rd1+ Ke8 12. b3 Ng6 13. Bb2 Nf4 14. Kh2
Be7 15. Ne4 c5 16. Re1 Be6 17. Rad1 Rd8 18. Ba3 b6 19. c4 Rd7 20. Rxd7 Kxd7 21.
Bc1 Ng6 22. Ng3 Re8 23. Nh5 Bf8 24. Bb2 Kc8 25. Rd1 a6 26. a4 b5 27. axb5 axb5
28. cxb5 Bxb3 29. Re1 Bc4 30. Nd2 Bxb5 31. f4 Nh4 32. Ba3 Bc6 33. Ne4 Rd8 34.
Kg3 Rd3+ 35. Kxh4 Rxa3 36. g4 Rf3 37. f5 Be7+ 38. f6 g5+ 39. Nxg5 hxg5+ 40.
Kxg5 Bf8 41. e6 fxe6 42. h4 c4 43. Ng7 Bb4 44. Rxe6 Bd5 45. Re2 c3 46. Nf5 Bc4
47. Re4 c2 48. Rxc4 Bc3 49. Rxc3 Rxc3 50. f7 c1=Q+ 51. Kg6 Rc6+ 0-1

[Event "IBAR Invitational"]
[Site "Santa Monica"]
[Date "2005.??.??"]
[Round "2"]
[White "Matikozyan, Andranik"]
[Black "Banawa, Jouaquin"]
[Result "1-0"]
[WhiteElo "2496"]
[BlackElo "2319"]
[PlyCount "69"]
[EventDate "2005.02.23"]

1. e4 c5 2. Nf3 d6 3. Nc3 Nf6 4. Bc4 e6 5. d4 cxd4 6. Nxd4 a6 7. Bb3 Nbd7 8.
O-O Nc5 9. Re1 Be7 10. Qf3 O-O 11. Qg3 Bd7 12. Bg5 Nh5 13. Bxe7 Qxe7 14. Qe3
Rac8 15. f4 Nxb3 16. axb3 e5 17. Nd5 Qd8 18. fxe5 dxe5 19. Nf3 Rxc2 20. Nxe5
Be6 21. Rad1 Bxd5 22. exd5 Rxb2 23. d6 Nf6 24. d7 Rc2 25. Qd4 h5 26. h3 Rc7 27.
Re3 b5 28. Red3 Rc2 29. R3d2 Rc7 30. b4 g6 31. Kh1 Kh7 32. Rf2 Kg8 33. Re2 Kh7
34. Qd6 h4 35. Qxf8 1-0

[Event "IBAR Invitational"]
[Site "Santa Monica"]
[Date "2005.??.??"]
[Round "2"]
[White "Kretchetov, Alexandre"]
[Black "Georgiev, Vladimir"]
[Result "1/2-1/2"]
[WhiteElo "2326"]
[BlackElo "2517"]
[PlyCount "65"]
[EventDate "2005.02.23"]

1. d4 d5 2. c4 c6 3. Nf3 Nf6 4. e3 a6 5. Bd3 e6 6. b3 Nbd7 7. O-O Bd6 8. Bb2
O-O 9. Nbd2 c5 10. Qe2 dxc4 11. Nxc4 Bc7 12. dxc5 Nxc5 13. Rfd1 Qe7 14. Rac1 b5
15. Nce5 Bb7 16. Ba3 Bd6 17. Bxh7+ Nxh7 18. Bxc5 Bxc5 19. Rd7 Bxf3 20. Qxf3 Qh4
21. Rxc5 Qb4 22. Rc1 Qa3 23. Rc2 Qb4 24. h3 Qe1+ 25. Kh2 Qa1 26. Nc6 g6 27. Nd4
Rad8 28. Rxd8 Rxd8 29. Rc7 Rf8 30. Qb7 Nf6 31. Rc2 e5 32. Nf3 Qb1 33. Qc6
1/2-1/2

[Event "IBAR Invitational"]
[Site "Santa Monica"]
[Date "2005.??.??"]
[Round "3"]
[White "Georgiev, Vladimir"]
[Black "Matikozyan, Andranik"]
[Result "0-1"]
[WhiteElo "2517"]
[BlackElo "2496"]
[PlyCount "62"]
[EventDate "2005.02.23"]

1. d4 Nf6 2. c4 g6 3. Nc3 Bg7 4. e4 d6 5. Nf3 O-O 6. h3 c6 7. Be3 a6 8. a4 a5
9. e5 Nfd7 10. exd6 exd6 11. Be2 Na6 12. d5 Ndc5 13. O-O Re8 14. Bd4 Nb4 15.
Bxg7 Kxg7 16. Qd4+ Qf6 17. Rad1 cxd5 18. cxd5 Bd7 19. Bb5 Bxb5 20. Nxb5 Nxa4
21. Nxd6 Re7 22. Ne4 Qxd4 23. Rxd4 f5 24. Neg5 Kf6 25. h4 Rd8 26. Ra1 b5 27. b3
Nc3 28. Rxa5 Ne2+ 29. Kf1 Nxd4 30. Nxd4 Rxd5 31. Ngf3 Re4 0-1

[Event "IBAR Invitational"]
[Site "Santa Monica"]
[Date "2005.??.??"]
[Round "3"]
[White "Banawa, Jouaquin"]
[Black "Khachiyan, Melikset"]
[Result "0-1"]
[WhiteElo "2319"]
[BlackElo "2462"]
[PlyCount "40"]
[EventDate "2005.02.23"]

1. d4 Nf6 2. c4 g6 3. Nc3 d5 4. Nf3 Bg7 5. Bf4 c5 6. dxc5 Qa5 7. cxd5 Nxd5 8.
Qxd5 Bxc3+ 9. Bd2 Be6 10. Qxb7 Bxd2+ 11. Nxd2 O-O 12. Qxa8 Rd8 13. O-O-O Qxc5+
14. Kb1 Bd5 15. Nb3 Be4+ 16. Rd3 Qb4 17. Qxa7 Qe1+ 18. Nc1 Rc8 19. Qe3 Nd7 20.
f3 Bxd3+ 0-1

[Event "IBAR Invitational"]
[Site "Santa Monica"]
[Date "2005.??.??"]
[Round "3"]
[White "Lucky, David"]
[Black "Mitkov, Nikola"]
[Result "1/2-1/2"]
[WhiteElo "2335"]
[BlackElo "2539"]
[PlyCount "94"]
[EventDate "2005.02.23"]

1. e4 e5 2. Nf3 Nc6 3. d4 exd4 4. Nxd4 Qh4 5. Nc3 Bb4 6. Ndb5 Ba5 7. Be2 Nf6 8.
O-O d6 9. Nd5 Nxd5 10. exd5 Ne5 11. Qd4 Qxd4 12. Nxd4 O-O 13. Be3 Ng4 14. Bxg4
Bxg4 15. f3 Rfe8 16. Kf2 Bd7 17. Nb3 Bb6 18. Bxb6 axb6 19. Rfe1 Kf8 20. Rxe8+
Bxe8 21. a3 Bb5 22. Nd2 Bd7 23. Re1 Ra5 24. c4 b5 25. Nb3 Ra4 26. c5 Be8 27.
cxd6 cxd6 28. Re4 Ra8 29. Nd4 Bd7 30. Nc2 g6 31. Re3 Rc8 32. Rc3 Rc5 33. Nb4
Ke7 34. Ke3 Rxc3+ 35. bxc3 Kd8 36. Kd4 Kc7 37. c4 bxc4 38. Kxc4 Kb6 39. Na2
Bb5+ 40. Kd4 Bf1 41. g3 Bg2 42. f4 Ka5 43. Nc3 f5 44. Kc4 b5+ 45. Kd4 Bf1 46.
Ke3 Kb6 47. Kd4 Ka5 1/2-1/2

[Event "IBAR Invitational"]
[Site "Santa Monica"]
[Date "2005.??.??"]
[Round "3"]
[White "Milman, Lev"]
[Black "Stein, Alan"]
[Result "1/2-1/2"]
[WhiteElo "2434"]
[BlackElo "2362"]
[PlyCount "84"]
[EventDate "2005.02.23"]

1. e4 e5 2. Nf3 Nc6 3. Bb5 a6 4. Ba4 Nf6 5. O-O Be7 6. Qe2 b5 7. Bb3 d6 8. c3
Na5 9. Bc2 c5 10. d4 Qc7 11. d5 O-O 12. Rd1 Bd7 13. Nbd2 Rfb8 14. h3 c4 15. Nf1
Nb7 16. g4 Nc5 17. Ng3 Ne8 18. Nh2 b4 19. Nf5 Bf8 20. cxb4 Rxb4 21. Ne3 Nd3 22.
Bxd3 cxd3 23. Qxd3 Rd4 24. Qb1 Nf6 25. Rxd4 exd4 26. Nf5 Re8 27. f3 Nxd5 28.
exd5 Re1+ 29. Kf2 Rd1 30. Nxd4 Rxd4 31. Be3 Rxd5 32. Qc1 Qb8 33. Qc3 Rb5 34.
Bd4 d5 35. Nf1 Bb4 36. Qe3 Bd6 37. Qg5 Rxb2+ 38. Kg1 Bf8 39. Bxb2 Qxb2 40. Rd1
Be6 41. Qd2 Qa3 42. Kg2 Bb4 1/2-1/2

[Event "IBAR Invitational"]
[Site "Santa Monica"]
[Date "2005.??.??"]
[Round "4"]
[White "Kretchetov, Alexandre"]
[Black "Milman, Lev"]
[Result "0-1"]
[WhiteElo "2326"]
[BlackElo "2434"]
[PlyCount "115"]
[EventDate "2005.02.23"]

1. d4 d5 2. c4 c6 3. Nf3 Nf6 4. e3 Bf5 5. Nc3 e6 6. Nh4 Bg6 7. Nxg6 hxg6 8. Bd2
Nbd7 9. Be2 Qc7 10. h3 dxc4 11. Bxc4 Nb6 12. Be2 e5 13. dxe5 Qxe5 14. Qb3 Ne4
15. Nxe4 Qxe4 16. Bf3 Qc4 17. Qxc4 Nxc4 18. Bc3 Rd8 19. Ke2 f6 20. Rhc1 Nd6 21.
a4 Rh4 22. Bd4 Nf5 23. Bc3 Bb4 24. g4 Bxc3 25. Rxc3 Nd6 26. Bg2 g5 27. f4 f5
28. Kf3 Ne4 29. Rc2 g6 30. fxg5 fxg4+ 31. hxg4 Nxg5+ 32. Kg3 Rh7 33. Rh1 Rxh1
34. Bxh1 Rd3 35. Kf4 Ne6+ 36. Ke4 Rb3 37. Rh2 a5 38. Ke5 Rxe3+ 39. Kf6 Nf8 40.
Rh8 Re6+ 41. Kg7 Re7+ 42. Kf6 Rf7+ 43. Ke5 Ke7 44. Be4 Nd7+ 45. Kd4 Rf4 46. g5
Rg4 47. Rh7+ Kd6 48. Rg7 Nf8 49. Ke3 Ne6 50. Rxg6 Ke5 51. Bf3 Rb4 52. Rg8 Rb3+
53. Kf2 Kf4 54. Be2 Nxg5 55. Rf8+ Ke5 56. Re8+ Kd4 57. Rd8+ Kc5 58. Re8 0-1

[Event "IBAR Invitational"]
[Site "Santa Monica"]
[Date "2005.??.??"]
[Round "4"]
[White "Khachiyan, Melikset"]
[Black "Georgiev, Vladimir"]
[Result "1-0"]
[WhiteElo "2462"]
[BlackElo "2516"]
[PlyCount "71"]
[EventDate "2005.02.23"]

1. e4 e5 2. Nf3 Nc6 3. Bb5 a6 4. Bxc6 dxc6 5. O-O f6 6. d4 exd4 7. Nxd4 c5 8.
Nb3 Qxd1 9. Rxd1 Bg4 10. f3 Bd7 11. Bf4 O-O-O 12. Nc3 c4 13. Na5 b5 14. Nd5
Bc5+ 15. Kf1 c6 16. b4 Ba7 17. Nc7 Bb8 18. Ne6 Bxf4 19. Nxc6 Re8 20. Na7+ Kb8
21. Nxf4 Re7 22. Nd5 Re6 23. Nf4 Re7 24. Nd5 Rf7 25. Nb6 Be6 26. Nc6+ Kc7 27.
Nd8 Kxb6 28. Nxe6 Ne7 29. Rd6+ Nc6 30. a4 bxa4 31. Nd4 Rc8 32. Rxa4 Rfc7 33.
Ke2 Kb7 34. Ne6 Re7 35. Nc5+ Kc7 36. Rd5 1-0

[Event "IBAR Invitational"]
[Site "Santa Monica"]
[Date "2005.??.??"]
[Round "4"]
[White "Stein, Alan"]
[Black "Lucky, David"]
[Result "1-0"]
[WhiteElo "2362"]
[BlackElo "2335"]
[PlyCount "87"]
[EventDate "2005.02.23"]

1. e4 e6 2. d4 d5 3. Nc3 Bb4 4. e5 Qd7 5. Nh3 b6 6. Nf4 Ba6 7. Bxa6 Nxa6 8. Qd3
Nb8 9. Bd2 Nc6 10. O-O-O O-O-O 11. h4 h5 12. f3 Nh6 13. Nxh5 Nf5 14. g4 Nfxd4
15. Ne2 Nxe2+ 16. Qxe2 Bxd2+ 17. Rxd2 Qe7 18. Nxg7 Rxh4 19. Rxh4 Qxh4 20. Nh5
Kb7 21. a3 a5 22. Kb1 Rh8 23. f4 Qe7 24. Qf2 a4 25. Rd1 Ra8 26. Nf6 Ra5 27. c4
dxc4 28. Rd7 Qf8 29. Qd2 Kc8 30. Qc2 Qc5 31. Rxf7 Nd4 32. Nd7 Nxc2 33. Nxc5
Nxa3+ 34. bxa3 Rxc5 35. g5 Rb5+ 36. Kc2 Rb3 37. g6 Rg3 38. g7 Kb7 39. f5 b5 40.
fxe6 b4 41. axb4 Rg2+ 42. Kc3 a3 43. e7 a2 44. Rf1 1-0

[Event "IBAR Invitational"]
[Site "Santa Monica"]
[Date "2005.??.??"]
[Round "5"]
[White "Banawa, Jouaquin"]
[Black "Lucky, David"]
[Result "1-0"]
[WhiteElo "2319"]
[BlackElo "2335"]
[PlyCount "79"]
[EventDate "2005.02.23"]

1. d4 d5 2. c4 Bf5 3. cxd5 Bxb1 4. Qa4+ c6 5. Rxb1 Qxd5 6. f3 Nf6 7. e4 Nxe4 8.
Bc4 Qh5 9. fxe4 Qh4+ 10. Kf1 Qxe4 11. Ra1 e5 12. Qb3 Qf5+ 13. Qf3 Qxf3+ 14.
Nxf3 exd4 15. Nxd4 Bc5 16. Be3 Nd7 17. Nf5 Bxe3 18. Nxe3 O-O-O 19. Rd1 Ne5 20.
Kf2 Kc7 21. Be2 b5 22. Rxd8 Rxd8 23. Rd1 Rxd1 24. Nxd1 a5 25. Ke3 Kd6 26. Nc3
a4 27. Kd4 f5 28. Nxb5+ cxb5 29. Bxb5 a3 30. bxa3 g5 31. Be2 g4 32. g3 h5 33.
Ke3 Ng6 34. a4 Ke5 35. a5 f4+ 36. gxf4+ Nxf4 37. a6 Nd5+ 38. Kf2 Kf4 39. a7 Nb6
40. Ba6 1-0

[Event "IBAR Invitational"]
[Site "Santa Monica"]
[Date "2005.??.??"]
[Round "5"]
[White "Milman, Lev"]
[Black "Matikozyan, Andranik"]
[Result "1-0"]
[WhiteElo "2434"]
[BlackElo "2496"]
[PlyCount "75"]
[EventDate "2005.02.23"]

1. e4 c5 2. Nf3 d6 3. d4 cxd4 4. Nxd4 Nf6 5. Nc3 a6 6. Be2 e5 7. Nb3 Be7 8. Be3
Be6 9. Nd5 Nxd5 10. exd5 Bf5 11. Qd2 Nd7 12. O-O O-O 13. Na5 Rb8 14. c4 h6 15.
b4 Bg5 16. f4 exf4 17. Bxf4 Bg6 18. Rac1 Re8 19. Bxg5 Qxg5 20. Qxg5 hxg5 21.
Rfe1 Nf6 22. Bf1 Kf8 23. Red1 Be4 24. Rc3 Re7 25. c5 Nxd5 26. Rh3 Kg8 27. cxd6
Rd7 28. Rd4 Re8 29. Bc4 Nf6 30. Re3 Bf5 31. Rxe8+ Nxe8 32. g4 Be6 33. Bxe6 fxe6
34. Nxb7 e5 35. Rd2 Kf7 36. a4 e4 37. Kf2 Kf6 38. Nc5 1-0

[Event "IBAR Invitational"]
[Site "Santa Monica"]
[Date "2005.??.??"]
[Round "6"]
[White "Khachiyan, Melikset"]
[Black "Milman, Lev"]
[Result "1/2-1/2"]
[WhiteElo "2462"]
[BlackElo "2434"]
[PlyCount "123"]
[EventDate "2005.02.23"]

1. e4 c6 2. d4 d5 3. Nc3 dxe4 4. Nxe4 Bf5 5. Ng3 Bg6 6. Nf3 Nd7 7. h4 h6 8. h5
Bh7 9. Bd3 Bxd3 10. Qxd3 e6 11. Bf4 Qa5+ 12. Bd2 Bb4 13. a3 Bxd2+ 14. Qxd2 Qb5
15. Ne4 Qd5 16. Qf4 Ngf6 17. Nc3 Qa5 18. Ne5 Nxe5 19. Qxe5 Qxe5+ 20. dxe5 Ng4
21. f4 Ne3 22. Ke2 Nd5 23. Kf3 Nxc3 24. bxc3 O-O-O 25. Rhd1 Rd5 26. Rxd5 cxd5
27. Rb1 Kb8 28. Ke3 Rc8 29. Kd3 Rc5 30. Rf1 Rc4 31. f5 Rg4 32. fxe6 fxe6 33.
Rf7 Rxg2 34. Re7 Kc8 35. a4 Rg5 36. Rxe6 Kd7 37. Rd6+ Ke7 38. Kd4 Rxh5 39. a5
Rh4+ 40. Kxd5 Ra4 41. Re6+ Kf8 42. Rd6 Rxa5+ 43. Ke4 h5 44. Rd7 Rb5 45. c4 Rb2
46. e6 a5 47. Rf7+ Ke8 48. Rxg7 a4 49. Kf5 Rb1 50. Rg8+ Ke7 51. Rg7+ Kf8 52.
Rg3 h4 53. Ra3 Rb4 54. Kf6 Rxc4 55. Rd3 Rf4+ 56. Ke5 Rb4 57. Rd8+ Ke7 58. Rd7+
Ke8 59. Rh7 a3 60. Rh8+ Ke7 61. Rh7+ Ke8 62. Rh8+ 1/2-1/2

[Event "IBAR Invitational"]
[Site "Santa Monica"]
[Date "2005.??.??"]
[Round "6"]
[White "Lucky, David"]
[Black "Georgiev, Vladimir"]
[Result "0-1"]
[WhiteElo "2335"]
[BlackElo "2517"]
[PlyCount "66"]
[EventDate "2005.02.23"]

1. e4 c5 2. Nf3 Nc6 3. c3 d5 4. exd5 Qxd5 5. d4 Bg4 6. Be2 cxd4 7. cxd4 e6 8.
Nc3 Qa5 9. O-O Bb4 10. Be3 Nge7 11. h3 Bh5 12. Qb3 O-O 13. a3 Bxc3 14. bxc3 Qc7
15. g4 Bg6 16. c4 Rad8 17. Rfd1 b6 18. Rac1 Be4 19. Ng5 Na5 20. Qb2 Ba8 21. d5
exd5 22. cxd5 Qd6 23. Qb1 Ng6 24. Bf3 h6 25. Ne4 Qe5 26. d6 Rd7 27. Qb4 Rfd8
28. Bh1 Qe6 29. Qa4 Ne5 30. Rc7 Nec4 31. Bxh6 Bxe4 32. Bxe4 Rxd6 33. Rxd6 Qxd6
0-1

[Event "IBAR Invitational"]
[Site "Santa Monica"]
[Date "2005.??.??"]
[Round "6"]
[White "Matikozyan, Andranik"]
[Black "Kretchetov, Alexandre"]
[Result "1-0"]
[WhiteElo "2496"]
[BlackElo "2326"]
[PlyCount "75"]
[EventDate "2005.02.23"]

1. e4 c6 2. d4 g6 3. Nc3 d5 4. h3 Bg7 5. Nf3 Nf6 6. e5 Nfd7 7. h4 h5 8. e6 fxe6
9. Bd3 Nf8 10. Bf4 Nbd7 11. Qe2 a6 12. Ng5 e5 13. dxe5 Nc5 14. O-O-O Nxd3+ 15.
Qxd3 Bf5 16. Qe2 Ne6 17. Nxe6 Bxe6 18. Ne4 Qa5 19. Ng5 Bf5 20. Kb1 Bh6 21. e6
Bxg5 22. hxg5 Rg8 23. f3 Rf8 24. g3 b5 25. Rd4 Qb6 26. Rhd1 a5 27. g4 hxg4 28.
fxg4 Be4 29. Rxe4 dxe4 30. Qxe4 Rg8 31. Be3 Qa6 32. Rd7 b4 33. a4 bxa3 34. Bc5
Rg7 35. Bxa3 Qb5 36. Qd4 Qf1+ 37. Ka2 Rh7 38. Qc5 1-0

[Event "IBAR Invitational"]
[Site "Santa Monica"]
[Date "2005.??.??"]
[Round "6"]
[White "Stein, Alan"]
[Black "Banawa, Jouaquin"]
[Result "1-0"]
[WhiteElo "2362"]
[BlackElo "2319"]
[PlyCount "69"]
[EventDate "2005.02.23"]

1. e4 c5 2. Nf3 e6 3. Nc3 Nc6 4. Bb5 Nd4 5. a4 a6 6. Bc4 Nf6 7. d3 d5 8. Ba2
Nxf3+ 9. Qxf3 d4 10. Ne2 Be7 11. O-O O-O 12. c3 e5 13. Qg3 Bd6 14. Bg5 Be6 15.
Qh4 Be7 16. Bxe6 fxe6 17. Qh3 Qd6 18. f4 Nd7 19. fxe5 Nxe5 20. Bxe7 Qxe7 21.
cxd4 cxd4 22. Nxd4 Qc5 23. Qxe6+ Kh8 24. Qd5 Qxd5 25. exd5 Nxd3 26. Ne6 Rxf1+
27. Rxf1 Ne5 28. Rf5 Nc4 29. Rf7 b5 30. b3 Nd6 31. Rxg7 bxa4 32. bxa4 Re8 33.
Ra7 Nc4 34. Rxa6 Ne3 35. d6 1-0

[Event "IBAR Invitational"]
[Site "Santa Monica"]
[Date "2005.??.??"]
[Round "7"]
[White "Kretchetov, Alexandre"]
[Black "Khachiyan, Melikset"]
[Result "0-1"]
[WhiteElo "2326"]
[BlackElo "2462"]
[PlyCount "60"]
[EventDate "2005.02.23"]

1. d4 Nf6 2. c4 c6 3. Nf3 d5 4. e3 a6 5. Bd3 Bg4 6. Nbd2 e6 7. Qc2 Bd6 8. b3
Nbd7 9. Bb2 O-O 10. Ne5 Bh5 11. Ndf3 Bb4+ 12. Bc3 Qa5 13. Bxb4 Qxb4+ 14. Qd2 a5
15. Be2 Rfd8 16. cxd5 Nxd5 17. Nd3 Qxd2+ 18. Nxd2 Bxe2 19. Kxe2 Nc3+ 20. Kf3 e5
21. Ne4 Nxe4 22. Kxe4 exd4 23. exd4 Nf6+ 24. Ke3 Nd5+ 25. Kd2 Nc7 26. Ke3 Nd5+
27. Kd2 Nf6 28. Ke3 Ng4+ 29. Ke4 f5+ 30. Kxf5 Rxd4 0-1

[Event "IBAR Invitational"]
[Site "Santa Monica"]
[Date "2005.??.??"]
[Round "7"]
[White "Matikozyan, Andranik"]
[Black "Stein, Alan"]
[Result "1/2-1/2"]
[WhiteElo "2496"]
[BlackElo "2362"]
[PlyCount "37"]
[EventDate "2005.02.23"]

1. e4 e5 2. Nf3 Nc6 3. Bb5 a6 4. Ba4 Nf6 5. Qe2 b5 6. Bb3 Be7 7. c3 d6 8. O-O
Na5 9. Bc2 c5 10. d4 Qc7 11. d5 O-O 12. b3 Bd7 13. Rd1 Ne8 14. Nbd2 g6 15. Nf1
Ng7 16. Bh6 f6 17. h3 Nb7 18. a4 Rfb8 19. Ne3 1/2-1/2

[Event "IBAR Invitational"]
[Site "Santa Monica"]
[Date "2005.??.??"]
[Round "8"]
[White "Lucky, David"]
[Black "Milman, Lev"]
[Result "0-1"]
[WhiteElo "2335"]
[BlackElo "2434"]
[PlyCount "70"]
[EventDate "2005.02.23"]

1. d4 d5 2. c4 e6 3. Nf3 c6 4. cxd5 exd5 5. Nc3 Bd6 6. Bg5 Qb6 7. Qc2 Be6 8. a3
h6 9. Bh4 Nd7 10. e3 Bf5 11. Bd3 Bxd3 12. Qxd3 Ngf6 13. e4 dxe4 14. Nxe4 Qa5+
15. Nfd2 Be7 16. Nxf6+ Nxf6 17. Bxf6 Bxf6 18. Qe3+ Kf8 19. O-O Re8 20. Qd3 Qd5
21. Nb3 g6 22. Rac1 Kg7 23. Rc5 Qe4 24. Qd1 Re7 25. Rc4 Rd8 26. Rb4 b6 27. Qd2
c5 28. Rc4 cxd4 29. Nc1 Bg5 30. Qd1 b5 31. Rb4 a5 32. Rxb5 d3 33. Rxa5 Bxc1 34.
Qxc1 d2 35. Qd1 Qe1 0-1

[Event "IBAR Invitational"]
[Site "Santa Monica"]
[Date "2005.??.??"]
[Round "8"]
[White "Stein, Alan"]
[Black "Georgiev, Vladimir"]
[Result "0-1"]
[WhiteElo "2362"]
[BlackElo "2517"]
[PlyCount "90"]
[EventDate "2005.02.23"]

1. e4 e5 2. Nf3 Nc6 3. d4 exd4 4. Nxd4 Bc5 5. Nb3 Bb4+ 6. c3 Be7 7. Bf4 d6 8.
N1d2 Nf6 9. Bd3 O-O 10. O-O Ne5 11. Be2 b6 12. Qc2 c5 13. Bxe5 dxe5 14. Nc4 Qc7
15. Nbd2 Bb7 16. a4 Bc6 17. Ne3 Qb7 18. a5 Rad8 19. axb6 axb6 20. Ba6 Bxe4 21.
Bxb7 Bxc2 22. Ndc4 Bd3 23. Rfe1 e4 24. Nxb6 Nd7 25. Nbd5 Bg5 26. Nf5 Rfe8 27.
h4 Bf6 28. Bc6 Re5 29. Nxf6+ Nxf6 30. Ne3 c4 31. Ra7 Rc5 32. Ra6 h5 33. Rea1
Rc8 34. Bb7 Rb8 35. Ra8 Rxa8 36. Rxa8+ Kh7 37. Rc8 Ra5 38. Rc7 Ng4 39. Nxg4
hxg4 40. Kh2 f5 41. Kg3 Kh6 42. Kf4 Rb5 43. Bc8 Rxb2 44. Bxf5 Rxf2+ 45. Ke5 e3
0-1

[Event "IBAR Invitational"]
[Site "Santa Monica"]
[Date "2005.??.??"]
[Round "8"]
[White "Mitkov, Nikola"]
[Black "Kretchetov, Alexandre"]
[Result "1-0"]
[WhiteElo "2517"]
[BlackElo "2326"]
[PlyCount "82"]
[EventDate "2005.02.23"]

1. e4 e5 2. Bc4 Nf6 3. d3 Nc6 4. Nc3 Bb4 5. Nge2 d5 6. exd5 Nxd5 7. O-O Be6 8.
Bxd5 Bxd5 9. f4 Qd7 10. fxe5 Nxe5 11. Nxd5 Qxd5 12. Nf4 Qa5 13. d4 O-O-O 14. c3
Bd6 15. b4 Qb5 16. Qb3 Nc4 17. a4 Qc6 18. a5 Bxf4 19. Bxf4 a6 20. Ra2 Rhe8 21.
Qb1 Re4 22. Qd3 f6 23. Qh3+ Rd7 24. Qxh7 g5 25. Qh8+ Rd8 26. Qh3+ Kb8 27. Bc1
Rd6 28. Raf2 Rh4 29. Qf3 Re4 30. h3 Rde6 31. Qf5 Nd6 32. Qf3 Nc4 33. Qd1 Rd6
34. Qd3 Ne5 35. Qc2 Nc4 36. Rxf6 Rxf6 37. Rxf6 Qd5 38. Rf1 g4 39. hxg4 Rxg4 40.
Qe2 Rg8 41. Qf3 Qb5 1-0

[Event "IBAR Invitational"]
[Site "Santa Monica"]
[Date "2005.??.??"]
[Round "9"]
[White "Milman, Lev"]
[Black "Banawa, Jouaquin"]
[Result "1-0"]
[WhiteElo "2434"]
[BlackElo "2317"]
[PlyCount "39"]
[EventDate "2005.02.23"]

1. e4 c5 2. Nf3 d6 3. d4 cxd4 4. Nxd4 Nf6 5. Nc3 a6 6. Bc4 e6 7. Bb3 Nbd7 8.
Bg5 Nc5 9. f4 h6 10. Bxf6 Qxf6 11. O-O Bd7 12. Kh1 h5 13. e5 dxe5 14. f5 exf5
15. Nxf5 Bxf5 16. Nd5 Qd6 17. Rxf5 O-O-O 18. c4 h4 19. Rxf7 Qg6 20. Rxf8 1-0

[Event "IBAR Invitational"]
[Site "Santa Monica"]
[Date "2005.??.??"]
[Round "9"]
[White "Khachiyan, Melikset"]
[Black "Stein, Alan"]
[Result "1/2-1/2"]
[WhiteElo "2462"]
[BlackElo "2362"]
[PlyCount "25"]
[EventDate "2005.02.23"]

1. e4 e5 2. Nf3 Nc6 3. Bb5 a6 4. Bxc6 dxc6 5. O-O f6 6. d4 exd4 7. Nxd4 c5 8.
Nb3 Qxd1 9. Rxd1 Bg4 10. f3 Be6 11. Nc3 Bd6 12. Be3 b6 13. Rd2 1/2-1/2

[Event "IBAR Invitational"]
[Site "Santa Monica"]
[Date "2005.??.??"]
[Round "9"]
[White "Kretchetov, Alexandre"]
[Black "Lucky, David"]
[Result "1/2-1/2"]
[WhiteElo "2326"]
[BlackElo "2335"]
[PlyCount "24"]
[EventDate "2005.02.23"]

1. d4 Nf6 2. c4 e6 3. Nc3 d5 4. cxd5 exd5 5. Bg5 c6 6. e3 Be7 7. Bd3 O-O 8. Qc2
Nbd7 9. Nf3 Re8 10. O-O Nf8 11. Rab1 Ne4 12. Bxe7 Qxe7 1/2-1/2